000 00703nam a2200253Ia 4500
003 OSt
005 20220918164519.0
006 a|||||r|||| 00| 0
007 ta
008 220917b |||||||| |||| 00| 0 eng d
020 _a0670049301
024 _a216,939
037 _cTextual
040 _aARTS
_cARTS
_beng
041 _2eng
_aeng
082 _aV2.M, P2
100 _aDalrymple William
_913228
245 0 _aWhite Mughals
_b love and betrayal in eigheteenth century India
260 _aNew Delhi
_bViking Dalrymple India
_c2002
300 _axLiii, 580p
_ccm.
650 _aENGLISH LITERATURE
942 _hV2.M, P2
_cTEXL
_2CC
999 _c125130
_d125130